000 00851nam a2200289Ia 4500
001 26204
005 20240114000914.0
007 ta
008 060505s1987 a g b000 u 465 u
040 _aCotton College,Assam
041 _a465
082 _a342.02973
_bFr 91 Co
100 _aFriendly , Fred W .
245 0 _aThe Constitution: That Delicate Balance /
_cFred W Friendly & Martha J. H. Elliott.
_hTextual Documents
250 _a1st Ind. ed. /
260 _aLondon :
_bArnold Publications ,
_c1987.
300 _axii,339p :
_bill ;
_c22cm .
653 _aLaw-Constitution
653 _aConstitution: That Delicate Balance
653 _aConstitution: That Delicate Balance
653 _aG-Economics
700 _aElliott, Martha J. H. .
942 _2ddc
_cBK
999 _c26186
_d26186